000 01453cam a2200385 a 4500
001 16283289
003 SISC
005 20160715112738.0
008 100614s2010 nyu d 000 1 eng
010 _a 2010021189
020 _a9780385738750 (hc)
020 _a0385738757 (hc)
020 _a9780385907453 (glb)
020 _a0385907451 (glb)
020 _z9780375896118 (ebk)
020 _z0375896112 (ebk)
040 _aDLC
_cDLC
_dDLC
042 _alcac
_apcc
050 0 0 _aPZ7 .D2587
_bSc 2010
082 0 0 _a[Fic]
100 1 _aDashner, James,
_d1972-
245 1 4 _aThe Scorch trials /
_cJames Dashner.
250 _a1st ed.
260 _aNew York :
_bDelacorte Press,
_cc2010.
300 _a361 p. ;
_c21 cm.
500 _aSequel to: The maze runner.
500 _aSequel: The death cure.
520 _aAfter surviving horrific conditions in the Maze, Thomas is entrapped, along with nineteen other boys, in a scientific experiment designed to observe their responses and gather data believed to be essential for the survival of the human race.
650 1 _aSurvival
_vFiction.
650 1 _aScience fiction.
655 7 _aScience fiction
_vJuvenile.
_2local
906 _a7
_bcbc
_corignew
_d1
_eecip
_f20
_gy-gencatlg
942 _2lcc
_cBK
999 _c297730
_d297730